| 000 | 00633nam a22001697a 4500 | ||
|---|---|---|---|
| 999 |
_c175228 _d175228 |
||
| 005 | 20200818143545.0 | ||
| 010 | _aENG-128348 | ||
| 020 |
_c599.00 _a9789353946692 |
||
| 035 | _aEN-111880 | ||
| 037 | _bDBAD/PUB | ||
| 082 | _a005 | ||
| 245 |
_aGATE Computer Science and Information Technology2021/ _bTopic-Wise previous years' solved question papers 33 years: |
||
| 260 |
_aNew Delhi _bPearson _c2021 |
||
| 270 |
_a15th floor,Tower-B,Word Trade Tower,Plot no.1,Block-C sec 16, _bNoida _e201301 _k04466540100 _mcompanysecretary.india@pearson.com |
||
| 300 |
_avarious pages. _c25cm(pbk) |
||
| 942 |
_2ddc _cEN _h005 _mGAT |
||